Diplomacy in a democracy (Record no. 424609)

000 -LEADER
fixed length control field 00456cam a22001457a 4500
008 - FIXED-LENGTH DATA ELEMENTS--GENERAL INFORMATION
fixed length control field 180718b1956 xxu||||| |||| 00| 0 eng d
082 ## - DEWEY DECIMAL CLASSIFICATION NUMBER
Classification number D1 W939
100 ## - MAIN ENTRY--PERSONAL NAME
Personal name Wriston, Henry M.
245 ## - TITLE STATEMENT
Title Diplomacy in a democracy
Statement of responsibility, etc. by Henry M. Wriston
260 ## - PUBLICATION, DISTRIBUTION, ETC.
Place of publication, distribution, etc. New York
Name of publisher, distributor, etc. Harper & Brothers
Date of publication, distribution, etc. 1956
300 ## - PHYSICAL DESCRIPTION
Extent 115p
650 ## - SUBJECT ADDED ENTRY--TOPICAL TERM
Topical term or geographic name entry element United States --Foreign relations
650 ## - SUBJECT ADDED ENTRY--TOPICAL TERM
Topical term or geographic name entry element Diplomatic and consular service
650 ## - SUBJECT ADDED ENTRY--TOPICAL TERM
Topical term or geographic name entry element Diplomatic and consular service, American
Holdings
Withdrawn status Lost status Damaged status Not for loan Permanent Location Current Location Date acquired Full call number Barcode Date last seen Price effective from Koha item type
        Indian Institute of Public Administration Indian Institute of Public Administration 2009-09-23 D1 W939 5150 2018-07-21 2018-07-21 Book

Powered by Koha